| 000 | 00950nam a2200277 i 4500 | ||
|---|---|---|---|
| 001 | 66692 | ||
| 003 | ES-MaACL | ||
| 005 | 20250930063058.0 | ||
| 007 | t| | ||
| 008 | 040322s1997 sz |||| | spa d | ||
| 020 | _a3-906757-46-3 | ||
| 080 | _a821.134.2(7/8:443.61P)"19" | ||
| 100 | 0 |
_aPera Román, Cristóbal _990338 |
|
| 245 | 1 | 0 |
_aModernistas en París _b: el mito de París en la prosa modernista hispanoamericana / _cCristóbal Pera. |
| 260 |
_aBern : _bPeter Lang, _c[1997] |
||
| 300 |
_a207 p. ; _c22 cm. |
||
| 490 | 1 | _aPerspectivas hispánicas | |
| 500 | _aÍndice. | ||
| 504 | _aBibliografía p.195-204. | ||
| 650 | 1 | 4 |
_aNovela hispanoamericana- _yS.XIX- _xHistoria y crítica. _9139838 |
| 650 | 4 |
_aNovela hispanoamericana- _yS.XX- _xHistoria y crítica _915621 |
|
| 651 | 4 |
_aParís- _xEn la literatura. _9163223 |
|
| 830 | 0 |
_aPerspectivas hispánicas _9230827 |
|
| 852 |
_aES-MaACL _jL-27152 |
||
| 999 |
_c66692 _d66692 |
||